000 00697cac a2200229 a 4500
003 CO-PeBM
005 20250826155720.0
008 231129e1970||||xx |||||||||||||| ||spa||
040 0 _aCO-PeBPM
_bspa
_cCO-PeBPM
_erda
041 0 _aspa
082 _a301.243 F911h
100 1 _aFriedmann, Georges
_eautor
245 1 0 _aEl hombre y la técnica
_cGeorge friedmann
260 _aBarcelona, España
_bAriel S.A
_c1970
300 _a215 Páginas
_c17.5 Centímetros
500 _aIncluye Índice
650 1 4 _a Filosofía de la ciencia
_2LEMB
650 1 4 _aFilosofía de la tecnología
_2LEMB
650 1 4 _aTecnología y civilización
_2LEMB
700 _aÁngel Abad
_eTraductor
942 _2ddc
_cBK
999 _c11305
_d11305